Rationality in economics (Registro nro. 23248)
[ vista simple ]
| 000 -LEADER | |
|---|---|
| fixed length control field | 00348 a2200109 4500 |
| 001 - CONTROL NUMBER | |
| control field | ART_8065 |
| 005 - DATE AND TIME OF LATEST TRANSACTION | |
| control field | 20260410161831.0 |
| 008 - FIXED-LENGTH DATA ELEMENTS--GENERAL INFORMATION | |
| fixed length control field | 260409a |
| 100 1# - MAIN ENTRY--PERSONAL NAME | |
| Personal name | Gómez Bizcarri, Javier |
| 245 10 - TITLE STATEMENT | |
| Title | Rationality in economics |
| 773 0# - HOST ITEM ENTRY | |
| Title | Boletín de estudios económicos |
| Related parts | Ética y economía - Vol. 55, Nº 170 (ago. 2000) |
| Record control number | REV5142 |
No hay ítems disponibles.